Finis ma phrase ! - Facile - Statistiques

Statistiques générales
  • Ce quiz a été pris 46 fois
  • Le résultat moyen est 9 sur 10
Statistiques - réponses
Question Réponse % Correct
La lecture... Améliore l'orthographe et la concentration
100%
Un cahier... Est un objet utilisé pour prendre des notes, souvent par des écoliers
100%
La France est... Le pays le plus visité au monde
100%
Le Tennis est... Un sport de raquette
100%
EDF... Est une compagnie qui s'occupe de distribuer l'électricité en France
98%
La Corse... Est une région française
95%
Une table basse... Est un objet qu'Ikea fabrique
95%
Un clavier sans fil... Est un objet qui envoie des ondes radios capable d'atteindre un appareil à plus de 2 mètres du clavier
73%
Les huiles essentielles... Sont une invention de égyptienne
73%
Les cartes graphiques... Gèrent tout ce qui est à l'écran dans un ordinateur
68%
Aucun quiz correspondant
Distribution des résultats
% des personnes avec chaque résultat
Percentile par nombre de réponses
Votre historique - résultats
Vous n’avez pas pris ce quiz